00431nam a2200181Ia 4500008004100000020001800041050001400059100001800073245002700091260001500118260001600133260000900149300001500158300002700173300001000200300003100210500000800241170918s9999 xx 000 0 und d a9780516460345 bF785 1995 aFowler, Allan aWhat magnets can do? / aNew York : bScholastic, c1995 a31 pages : bcolored illustration ; c17cm. eRookie read-aroud science. a580